Plánovanie: Významné zníženie nákladov

Prevádzkovateľom vozidiel môžu v snahe o znižovanie nákladov pomôcť softvérové produkty rôzneho typu. Populárnymi sa stávajú systémy pre návrh trás a optimalizáciu dopravy. Hlavným trendom sú vysoko výkonné informačné systémy pokrývajúce širokú škálu funkcionalít. Stúpa potreba integrácie GIS modulo...

Descripción completa

Guardado en:
Detalles Bibliográficos
Autor principal: Oravec, Jozef
Formato: Capítulo de libro
Lenguaje:eslovaco
Materias:
Etiquetas: Agregar Etiqueta
Sin Etiquetas, Sea el primero en etiquetar este registro!

MARC

LEADER 00000naa a2200000 4500
001 0240353
005 20180220085944.1
041 0 |a slo 
044 |a CZ 
245 1 0 |a Plánovanie: Významné zníženie nákladov  |c Jozef Oravec 
520 |a Prevádzkovateľom vozidiel môžu v snahe o znižovanie nákladov pomôcť softvérové produkty rôzneho typu. Populárnymi sa stávajú systémy pre návrh trás a optimalizáciu dopravy. Hlavným trendom sú vysoko výkonné informačné systémy pokrývajúce širokú škálu funkcionalít. Stúpa potreba integrácie GIS modulov (geoinformačný systém). 
610 2 0 |a technológie informačné 
610 2 0 |a technológie komunikačné 
610 2 0 |a systémy informačné logistické 
610 2 0 |a doprava 
610 2 0 |a vozidlá motorové 
610 2 0 |a plánovanie 
610 2 0 |a optimalizácia 
100 1 |a Oravec, Jozef